01703nam a2200277 a 4500001001000000003000400010005001700014008004100031040002500072082002700097100005900124245026600183260007300449300002100522590002600543650003600569651010100605651011400706910003800820942001400858952014000872952014001012952013101152952012501283999001701408000027107OSt20240229073936.0110324t1948 dr 000 0 spa d aDO-SdBNPbspacBNPHU 4a972.93053bT866m, 19471 aTrujillo Molina, Rafael Leónidas,d 1891-196197676410aMensaje depositado el 27 de febrero de 1948 en el Congreso Nacional por el Presidente de la República Dominicana generalísimo Dr. Rafael Leónidas Trujillo Molina para darle cuenta de su gestión durante el año 1947 /cRafael Leónidas Trujillo Molina. aCiudad Trujillo, República Dominicana :bVirgilio Montalvo,c1948. a132 p. ;c24 cm. aInventariado, 2019/BT 4aDiscursos presidenciales910061 4aRepública DominicanaxHistoriayEra de Trujillo, 1930-1961930520vEnsayos, conferencias, etc. 4aRepública DominicanaxPolítica Y GobiernoyEra de Trujillo, 1930-1961xEnsayos, conferencias, etc.930546 aValidado. Control de calidad. EMS 2ddccLBS1 001154708DSaGRbGRcMId2011-04-19iLF1l0o972.93053 T866m, 1947p27107-30r2020-06-25te. 3w2020-06-25yLFDSZPréstamo en sala 001154708DSaGRbGRcMId2011-04-29iLF1l0o972.93053 T866m, 1947p27107-40r2020-06-25te. 4w2020-06-25yLFDSZPréstamo en sala 001050718RVaPDbPDcHDd2011-03-30iLF1l0o972.93053 T866m, 1947p27107-20r2020-06-25te. 2w2020-06-25y1ZNo se presta 001050718RVaPDbPDcHDd2011-03-29iLF1l0o972.93053 T866m, 1947p27107-10r2020-06-25w2020-06-25y1ZNo se presta c26599d26599